[Event "World Amateur-ch"]
[Site "Chalkidiki"]
[Date "2015.04.16"]
[Round "4"]
[White "Georgiou, Andreas"]
[Black "Nagy, Laszlo Bence"]
[Result "1-0"]
[WhiteElo "1760"]
[BlackElo "1938"]
[PlyCount "81"]
[EventDate "2015.04.14"]
[EventType "team-swiss"]
[EventRounds "9"]
[EventCountry "GRE"]
[SourceTitle "CBM 166 Extra"]
[Source "ChessBase"]
[SourceDate "2015.06.18"]
[SourceVersion "1"]
[SourceVersionDate "2015.06.18"]
[SourceQuality "1"]

1. d4 d5 2. c4 c6 3. cxd5 cxd5 4. Bf4 e6 5. e3 a6 6. Nc3 Bd6 7. Bxd6 Qxd6 8. Bd3 Nf6 9. f4 Nc6 10. Nf3 b5 11. 0-0 0-0 12. Ne5 Ne7 13. Qf3 Bb7 14. g4 b4 15. Na4 Ne4 16. g5 g6 17. Bxe4 dxe4 18. Qe2 Bd5 19. Nc5 Rfd8 20. Ng4 Kg7 21. Nf6 Rac8 22. Ncxe4 Qb6 23. Nxd5 Nxd5 24. Nc5 a5 25. Kf2 h6 26. h4 hxg5 27. hxg5 Ne7 28. Rh1 Rh8 29. Qf3 Nf5 30. Rxh8 Rxh8 31. Rh1 Rxh1 32. Qxh1 Qb5 33. b3 a4 34. Qb7 Qe8 35. Qd7 Qxd7 36. Nxd7 a3 37. Nc5 Ne7 38. Na6 Nc6 39. Ke2 f6 40. Kd3 e5 41. d5 1-0

[Event "HUN-chT2 Barcza 1011"]
[Site "Hungary"]
[Date "2010.09.12"]
[Round "1.8"]
[White "Nagy, Laszlo Bence"]
[Black "Koncz, Istvan"]
[Result "0-1"]
[WhiteElo "1964"]
[BlackElo "1750"]
[PlyCount "101"]
[EventDate "2010.09.12"]
[EventType "team-tourn"]
[EventRounds "11"]
[EventCountry "HUN"]
[SourceTitle "EXT 2012"]
[Source "ChessBase"]
[SourceDate "2011.11.24"]
[SourceVersion "1"]
[SourceVersionDate "2011.11.24"]
[SourceQuality "1"]
[WhiteTeam "Piremon"]
[BlackTeam "Balkany"]
[WhiteTeamCountry "HUN"]
[BlackTeamCountry "HUN"]

1. e4 d6 2. d4 Nf6 3. Bd3 g6 4. f4 Bg7 5. Nf3 0-0 6. 0-0 c5 7. c3 c4 8. Bc2 e6 9. Nbd2 Qc7 10. Qe2 b5 11. a4 Bd7 12. axb5 Bxb5 13. Ba4 Bxa4 14. Rxa4 d5 15. Ne5 Nbd7 16. b3 cxb3 17. Ba3 Rfe8 18. c4 dxc4 19. Nexc4 Nb6 20. Bd6 Qc6 21. Ra6 Qb5 22. Ra5 Qd7 23. Bc5 Nxc4 24. Nxc4 Bf8 25. Rd1 Red8 26. Qe3 Bxc5 27. Rxc5 Qb7 28. e5 Nd5 29. Qf2 Nc3 30. Re1 Ne4 31. Nd6 Nxd6 32. exd6 Rxd6 33. Qb2 Qb4 34. Rd1 a5 35. Rc3 Rxd4 36. Rdc1 Rdd8 37. Rc4 Qb6+ 38. Kh1 a4 39. h4 a3 40. Qf6 h5 41. f5 b2 42. fxg6 bxc1Q+ 43. Rxc1 Rd7 44. Qf3 Qb7 45. Qxh5 fxg6 46. Qxg6+ Rg7 47. Qxe6+ Kh8 48. Qh6+ Rh7 49. Qf6+ Qg7 50. Qf3 Rxh4+ 51. Kg1 0-1

[Event "HUN-chT2 Barcza 0910"]
[Site "Hungary"]
[Date "2010.04.18"]
[Round "10.7"]
[White "Nagy, Laszlo Bence"]
[Black "Kovacs, Istvan3"]
[Result "1/2-1/2"]
[WhiteElo "1964"]
[BlackElo "2033"]
[PlyCount "107"]
[EventDate "2009.11.08"]
[EventType "team-tourn"]
[EventRounds "11"]
[EventCountry "HUN"]
[SourceTitle "EXT 2011"]
[Source "ChessBase"]
[SourceDate "2010.11.26"]
[SourceVersion "1"]
[SourceVersionDate "2010.11.26"]
[SourceQuality "1"]
[WhiteTeam "Piremon"]
[BlackTeam "HSSE"]
[WhiteTeamCountry "HUN"]
[BlackTeamCountry "HUN"]

1. e4 e6 2. e5 d5 3. exd6 Bxd6 4. d4 b6 5. Nf3 h6 6. Bc4 Nf6 7. 0-0 0-0 8. Nc3 c6 9. a4 Qc7 10. Qe2 a5 11. Ne4 Nxe4 12. Qxe4 Ba6 13. Bxa6 Nxa6 14. c3 Nb8 15. Ne5 Bxe5 16. dxe5 Nd7 17. f4 Nc5 18. Qc4 Qd7 19. Be3 Qd5 20. Qe2 Qe4 21. Rfd1 Rfd8 22. Rd4 Rxd4 23. cxd4 Nb3 24. Rd1 Rd8 25. Kf2 Qd5 26. Ke1 Qe4 27. Qd3 Qxd3 28. Rxd3 Nc5 29. Rc3 Nxa4 30. Rxc6 Nxb2 31. Kd2 Rb8 32. Kc2 Na4 33. Kb3 b5 34. Ra6 Nb6 35. Bd2 a4+ 36. Kb4 Nc4 37. Bc1 Kh7 38. Rc6 Kg6 39. g4 Kh7 40. Rc5 a3 41. Bxa3 Nxa3 42. Kxa3 Ra8+ 43. Kb4 Ra4+ 44. Kxb5 Rxd4 45. Rc4 Rd2 46. h4 h5 47. gxh5 Rf2 48. Kc5 Kh6 49. Kd6 Kxh5 50. Ke7 Kg6 51. h5+ Kxh5 52. Kxf7 g5 53. Kxe6 Rxf4 54. Rxf4 1/2-1/2

[Event "HUN-chT2 Barcza 0910"]
[Site "Hungary"]
[Date "2010.04.11"]
[Round "9.6"]
[White "Nagy, Laszlo Bence"]
[Black "Gaal, Miklos"]
[Result "1-0"]
[WhiteElo "1964"]
[BlackElo "1774"]
[PlyCount "67"]
[EventDate "2009.11.08"]
[EventType "team-tourn"]
[EventRounds "11"]
[EventCountry "HUN"]
[SourceTitle "EXT 2011"]
[Source "ChessBase"]
[SourceDate "2010.11.26"]
[SourceVersion "1"]
[SourceVersionDate "2010.11.26"]
[SourceQuality "1"]
[WhiteTeam "Piremon"]
[BlackTeam "Miskolc"]
[WhiteTeamCountry "HUN"]
[BlackTeamCountry "HUN"]

1. e4 c5 2. Nf3 Nc6 3. d4 cxd4 4. Nxd4 d6 5. Bc4 e6 6. 0-0 Nf6 7. Re1 Be7 8. c3 0-0 9. a4 Ne5 10. Ba2 Ng6 11. Nd2 Ne5 12. N2f3 Nxf3+ 13. Qxf3 Rb8 14. Bg5 Qa5 15. Bh4 Qd8 16. Rad1 Nd7 17. Bg3 a6 18. Re2 e5 19. Nf5 Kh8 20. Nxd6 Bxd6 21. Rxd6 Qe7 22. Red2 Nf6 23. Bh4 Be6 24. Bxe6 fxe6 25. Qg3 Qe8 26. Bxf6 gxf6 27. Qh3 f5 28. Qg3 f4 29. Qg5 f3 30. Qxe5+ Kg8 31. Rxe6 Qxa4 32. Red6 Rbe8 33. Qg5+ Kh8 34. Rd7 1-0

[Event "HUN-chT2 Barcza 0910"]
[Site "Hungary"]
[Date "2010.02.14"]
[Round "6.8"]
[White "Rakaczki, Csaba"]
[Black "Nagy, Laszlo Bence"]
[Result "1-0"]
[WhiteElo "2086"]
[BlackElo "1964"]
[PlyCount "183"]
[EventDate "2009.11.08"]
[EventType "team-tourn"]
[EventRounds "11"]
[EventCountry "HUN"]
[SourceTitle "EXT 2011"]
[Source "ChessBase"]
[SourceDate "2010.11.26"]
[SourceVersion "1"]
[SourceVersionDate "2010.11.26"]
[SourceQuality "1"]
[WhiteTeam "Debrecen Sakkbaratok"]
[BlackTeam "Piremon"]
[WhiteTeamCountry "HUN"]
[BlackTeamCountry "HUN"]

1. e4 c5 2. Nf3 d6 3. d4 cxd4 4. Nxd4 Nf6 5. Nc3 a6 6. Be2 e6 7. g4 b5 8. g5 b4 9. gxf6 bxc3 10. fxg7 Bxg7 11. bxc3 Bb7 12. Bf3 Qh4 13. Ba3 Nc6 14. Rb1 Nxd4 15. cxd4 Bxe4 16. Qe2 Bxf3 17. Qxf3 0-0 18. Bxd6 Rfd8 19. c3 Rac8 20. Rb7 Qf6 21. Qxf6 Bxf6 22. Rg1+ Kh8 23. Bc5 e5 24. Rg4 h5 25. Re4 exd4 26. cxd4 Kg8 27. Rb6 Bxd4 28. Bxd4 Rc4 29. Rxa6 Rcxd4 30. Rxd4 Rxd4 31. Kf1 Kg7 32. h3 Rd2 33. a4 Ra2 34. a5 f6 35. Kg2 Kg6 36. Ra8 Ra3 37. a6 Kf5 38. a7 h4 39. Kf1 Ra2 40. Kg1 Ra1+ 41. Kh2 Ra2 42. Kg2 Ra3 43. Rh8 Rxa7 44. Rh5+ Kg6 45. Rxh4 Ra3 46. Rg4+ Kf5 47. Rg8 Ra4 48. Rg7 Rb4 49. Re7 Kg5 50. Kg3 Rb3+ 51. Re3 Rb4 52. Ra3 Rc4 53. Ra5+ f5 54. Ra8 Rc3+ 55. Kg2 Rb3 56. Ra4 Rc3 57. h4+ Kh5 58. f3 Rc5 59. Kg3 Rb5 60. Ra6 Rc5 61. Rf6 Ra5 62. Kf4 Ra3 63. Rxf5+ Kxh4 64. Re5 Ra4+ 65. Re4 Ra5 66. Rd4 Kh5 67. Ke4 Kg5 68. f4+ Kf6 69. Rd6+ Ke7 70. Rb6 Kf7 71. Kf3 Ra1 72. Kg4 Rg1+ 73. Kf5 Rf1 74. Rb7+ Kf8 75. Kg5 Rg1+ 76. Kf6 Ke8 77. f5 Rg2 78. Rb8+ Kd7 79. Kf7 Rg1 80. Rb3 Rf1 81. Rd3+ Kc7 82. f6 Rg1 83. Kf8 Kc6 84. f7 Rg2 85. Re3 Kd7 86. Rd3+ Kc6 87. Rd4 Rg1 88. Ke7 Re1+ 89. Kf6 Rf1+ 90. Ke6 Re1+ 91. Kf5 Rf1+ 92. Rf4 1-0

[Event "HUN-chT2 Barcza 0809"]
[Site "Hungary"]
[Date "2009.01.25"]
[Round "6.6"]
[White "Csolto, Tibor"]
[Black "Nagy, Laszlo Bence"]
[Result "1/2-1/2"]
[WhiteElo "2132"]
[BlackElo "1876"]
[PlyCount "40"]
[EventDate "2008.10.26"]
[EventType "tourn"]
[EventRounds "11"]
[EventCountry "HUN"]
[SourceTitle "EXT 2010"]
[Source "ChessBase"]
[SourceDate "2010.11.25"]
[SourceVersion "1"]
[SourceVersionDate "2010.11.25"]
[SourceQuality "1"]
[WhiteTeam "Kazincbarcika II"]
[BlackTeam "Piremon"]
[WhiteTeamCountry "HUN"]
[BlackTeamCountry "HUN"]

1. d4 d5 2. e3 e6 3. f4 f5 4. Nf3 Nf6 5. Bd3 Bd6 6. 0-0 0-0 7. Nbd2 Bd7 8. Ne5 Be8 9. c4 c6 10. c5 Be7 11. b4 Bh5 12. Be2 Bxe2 13. Qxe2 Ne4 14. a4 Qe8 15. Nxe4 fxe4 16. Bd2 Nd7 17. Nxd7 Qxd7 18. Be1 Bd8 19. Bg3 g6 20. b5 Rf7 1/2-1/2

[Event "HUN-chT2 Barcza 0809"]
[Site "Hungary"]
[Date "2008.11.02"]
[Round "2.7"]
[White "Adam, Zoltan"]
[Black "Nagy, Laszlo Bence"]
[Result "1-0"]
[WhiteElo "1923"]
[BlackElo "1876"]
[PlyCount "63"]
[EventDate "2008.10.26"]
[EventType "tourn"]
[EventRounds "11"]
[EventCountry "HUN"]
[SourceTitle "EXT 2010"]
[Source "ChessBase"]
[SourceDate "2010.11.25"]
[SourceVersion "1"]
[SourceVersionDate "2010.11.25"]
[SourceQuality "1"]
[WhiteTeam "Miskolc EMSE II"]
[BlackTeam "Piremon"]
[WhiteTeamCountry "HUN"]
[BlackTeamCountry "HUN"]

1. e4 c5 2. c3 d5 3. exd5 Qxd5 4. d4 Nc6 5. Nf3 e6 6. Be2 Nf6 7. 0-0 Be7 8. c4 Qd6 9. dxc5 Qxc5 10. Nc3 0-0 11. Be3 Qa5 12. a3 Rd8 13. Qc2 Ng4 14. Bd2 Qh5 15. h3 f5 16. Rad1 e5 17. Nh2 Nd4 18. hxg4 fxg4 19. Qe4 Nxe2+ 20. Qxe2 Be6 21. Nd5 Bd6 22. Nf4 Qf7 23. Nxe6 Qxe6 24. Qxg4 Qf7 25. b4 a5 26. Qe4 axb4 27. Bxb4 Bxb4 28. axb4 Rac8 29. Nf3 Re8 30. Ng5 Qh5 31. Qd5+ Kf8 32. Ne6+ 1-0

[Event "HUN-chT2 Barcza 0708"]
[Site "Hungary"]
[Date "2008.04.27"]
[Round "10"]
[White "Volkov, Sergey1"]
[Black "Nagy, Laszlo Bence"]
[Result "1/2-1/2"]
[WhiteElo "2035"]
[BlackElo "1768"]
[PlyCount "91"]
[EventDate "2007.10.14"]
[EventType "team-tourn"]
[EventRounds "11"]
[EventCountry "HUN"]
[SourceTitle "EXT 2009"]
[Source "ChessBase"]
[SourceDate "2008.11.26"]
[SourceVersion "1"]
[SourceVersionDate "2008.11.26"]
[SourceQuality "1"]
[WhiteTeam "Munkacs"]
[BlackTeam "Piremon"]
[WhiteTeamCountry "HUN"]
[BlackTeamCountry "HUN"]

1. e4 c5 2. Nc3 Nc6 3. g3 g6 4. Bg2 Bg7 5. f4 d6 6. Nf3 e6 7. 0-0 Nge7 8. d3 0-0 9. Be3 a6 10. Qd2 Qc7 11. Rae1 b6 12. Nh4 f5 13. h3 Bb7 14. g4 Rad8 15. gxf5 exf5 16. exf5 gxf5 17. Nd5 Nxd5 18. Bxd5+ Kh8 19. c3 Ne7 20. Bxb7 Qxb7 21. d4 Bf6 22. Nf3 Rg8+ 23. Kh2 Nd5 24. c4 Nxe3 25. Rxe3 d5 26. dxc5 bxc5 27. Re6 dxc4 28. Qc2 Qxb2 29. Qxb2 Bxb2 30. Rxa6 Ra8 31. Rb6 Rxa2 32. Rf2 c3 33. Ng5 Ra7 34. Rc6 Ba3 35. Rg2 Bc1 36. Kg3 Ra4 37. Kf3 Rxf4+ 38. Ke2 Re8+ 39. Kd3 Rd4+ 40. Kxc3 Bxg5 41. Rxg5 Rd5 42. Rc7 Re3+ 43. Kc4 Rd4+ 44. Kxc5 Rc3+ 45. Kxd4 Rxc7 46. Rxf5 1/2-1/2